Obyvatelia z Amalie sa do Žiliny tešia, majú na ňu pekné spomienky

Bibliographic Details
Main Author: (pek) (Author)
Corporate Author: Ústav sociálnej starostlivosti Amália (Rožňava, Slovensko) (Author)
Format: Article
Language:Slovak
Subjects:

MARC

LEADER 00000nab a2200000 a 4500
001 vtls001009223
003 SK-MaSNL
005 20260303040227.0
008 040720e20000906xo 0 slo
035 |a RV9823 
040 |a RVGKPD  |b slo  |c RVGKPD  |e AACR2 
041 0 |a slo 
044 |a xo  |c SK 
080 |a 362.3  |2 1981 
100 0 |a (pek)  |4 aut  |9 1023889 
245 1 0 |a Obyvatelia z Amalie sa do Žiliny tešia, majú na ňu pekné spomienky 
500 |a účasť 
610 2 7 |a Ústav sociálnej starostlivosti Amália (Rožňava, Slovensko)  |2 RVGKPD  |9 1023959 
610 2 7 |a Amália  |2 RVGKPD  |9 1023960 
611 2 7 |a Jašidielňa  |2 RVGKPD  |9 32223 
651 7 |a Žilina (Slovensko)  |2 RVGKPD  |9 28812 
651 7 |a Rožňava (Slovensko)  |2 RVGKPD  |9 17394 
655 7 |a periodikum  |2 snkbucl  |9 29553 
710 2 |a Ústav sociálnej starostlivosti Amália (Rožňava, Slovensko)  |4 aut  |9 1023959 
773 0 8 |t Gemerský denník  |g Roč. 2, č.205, 6.9.2000, s. 1 
852 |a ZVYKNI  |b KIS3GCP 
999 |c 1680949  |d 1682879